LEADER 01061nam0 2200277 450 001 000024982 005 20090325102352.0 100 $a20090325g19621968km-y0itay50------ba 101 0 $aeng 102 $aUS 105 $aa-------001yy 200 1 $aHandbook of nonparametric statistics$fby John E. Walsh 210 $aPrinceton$cVan Nostrand$d1962-1968 215 $a3 v.$cill.$d24 cm 327 1 $a1.: Investigation of randomness, moments, percentiles and distributions$a2.: Results for two and several sample problems, symmetry and extremes$a3.: Analysis of variance 500 10$aHandbook of nonparametric statistics$943816 610 1 $aMatematica applicata$aManuali 676 $a519$v19$9Probabilità e matematica applicata. 700 1$aWalsh,$bJohn E.$4070$045578 801 0$aIT$bUNIPARTHENOPE$c20090325$gRICA$2UNIMARC 912 $a000024982 951 $a211.7/3$b1898$cNAVA2$d2009 951 $a211.7/4$b1899$cNAVA2$d2009 951 $a211.7/8$b249/L/CNR$cNAVA2$d2009 996 $aHandbook of nonparametric statistics$943816 997 $aUNIPARTHENOPE LEADER 01586nam 2200481Ia 450 001 9910699966603321 005 20110201144041.0 035 $a(CKB)5470000002406289 035 $a(OCoLC)699819627 035 $a(EXLCZ)995470000002406289 100 $a20110201d2010 ua 0 101 0 $aeng 135 $aurmn||||||||| 181 $ctxt$2rdacontent 182 $cc$2rdamedia 183 $acr$2rdacarrier 200 00$aARM/GCSS/SPARC TWP-ICE CRM intercomparison study$b[electronic resource] /$fAnn Fridlind ... [and others] 210 1$aGreenbelt, Md. :$cNational Aeronautics and Space Administration, Goddard Space Flight Center,$d[2010] 215 $a1 online resource (24 pages) $cillustrations 225 1 $aNASA/TM ;$v2010-215858 300 $aTitle from title screen (viewed on Feb. 1, 2011). 300 $a"August 2010." 320 $aIncludes bibliographical references (pages 23-24). 606 $aAtmospheric models$2nasat 606 $aClouds (meteorology)$2nasat 606 $aRadiation measurement$2nasat 606 $aTropical regions$2nasat 606 $aTropical meteorology$2nasat 606 $aCloud cover$2nasat 615 7$aAtmospheric models. 615 7$aClouds (meteorology) 615 7$aRadiation measurement. 615 7$aTropical regions. 615 7$aTropical meteorology. 615 7$aCloud cover. 701 $aFridlind$b Ann$01397452 712 02$aGoddard Space Flight Center. 801 0$bGPO 801 1$bGPO 906 $aBOOK 912 $a9910699966603321 996 $aARM$93459105 997 $aUNINA